Liechtenstein in Zahlen 1991

Saved in:
Bibliographic Details
Format: Book
Language:German
Published: Vaduz Amt für Volkswirtschaft 1991
Tags: Add Tag
No Tags, Be the first to tag this record!

MARC

LEADER 00000nam a2200000 4500
001 c028294
005 20251217121733.9
041 0 |a ger 
044 |a LI 
245 1 0 |a Liechtenstein in Zahlen 1991 
264 1 |a Vaduz  |b Amt für Volkswirtschaft  |c 1991 
300 |a 56 s.